| 000 | 00539nam a22002057a 4500 | ||
|---|---|---|---|
| 999 |
_c14643 _d14643 |
||
| 003 | OSt | ||
| 005 | 20210519110329.0 | ||
| 008 | 160218b xxu||||| |||| 00| 0 eng d | ||
| 020 | _a9.789966728236 | ||
| 040 |
_aMMU _beng _cMMU _dMMU |
||
| 050 | _aLA 1561.R85 2009 | ||
| 100 | _aRukwaru, Mutea | ||
| 245 |
_aEducation at Crossroads / _cMutea Rukwaru. |
||
| 260 |
_aNairobi : _bEureka, _c2009. |
||
| 300 | _axxxi, 128 p. : | ||
| 500 | _aincludes index | ||
| 500 | _aincludes index | ||
| 650 | _aEducation | ||
| 942 |
_2lcc _cLOAN LOAN |
||